00545nam a2200133Ia 4500003000500000005001700005008004100022050002300063100002700086245016700113260008600280300003300366521001200399Sisc20180130164333.0140724s9999 xx 000 0 und d aRT 41b.Ab117 2011 aAbalos, Ma Kristine G. aPerception of nursing students on bedside conference as a mode for learning in the clinical setting :ba basis for a proposed guideline /cMa. Kristine G. Abalos. aLas Piñas, Philippines :bSouthville International School and Colleges,cc2011. a102 p.:bcol. ill. ;c28 cm. aNursing